[Event "Chigorin Memorial 2008"]
[Site "St. Petersburg RUS"]
[Date "2008.10.05"]
[Round "2.38"]
[White "Merzliakov, Evgeny"]
[Black "Orlov, Oleg"]
[Result "1-0"]
[WhiteElo "2210"]
[BlackElo "2333"]
[PlyCount "57"]
[EventDate "2008.10.03"]
[EventType "swiss"]
[EventRounds "9"]
[EventCountry "RUS"]
[Source "lmi"]
[SourceDate "2008.10.03"]

1. d4 c6 2. Nf3 d5 3. g3 Nf6 4. Bg2 Bf5 5. O-O h6 6. Nbd2 e6 7. b3 Nbd7 8. Bb2
Be7 9. Ne1 O-O 10. f3 Re8 11. e4 dxe4 12. fxe4 Bg4 13. Bf3 Bxf3 14. Qxf3 e5 15.
Nd3 exd4 16. e5 Nd5 17. Qxf7+ Kh8 18. Bxd4 Bg5 19. Nc4 Re7 20. Qh5 Qe8 21.
Qxe8+ Raxe8 22. h4 b5 23. hxg5 bxc4 24. bxc4 N5b6 25. gxh6 Kh7 26. hxg7 Nxc4
27. Rf5 Kg6 28. Raf1 Ndb6 29. e6 1-0

[Event "Chigorin Memorial 2008"]
[Site "St. Petersburg RUS"]
[Date "2008.10.05"]
[Round "2.46"]
[White "Sorokina, Anastasia"]
[Black "Valov, Ilya"]
[Result "0-1"]
[WhiteElo "2068"]
[BlackElo "2269"]
[PlyCount "58"]
[EventDate "2008.10.03"]
[EventType "swiss"]
[EventRounds "9"]
[EventCountry "RUS"]
[Source "lmi"]
[SourceDate "2008.10.03"]

1. d4 Nf6 2. c4 c5 3. d5 d6 4. Nc3 g6 5. e4 Bg7 6. Nf3 O-O 7. Be2 a6 8. O-O b5
9. cxb5 axb5 10. Bxb5 Ba6 11. Qe2 Qa5 12. Bxa6 Qxa6 13. Re1 Qxe2 14. Rxe2 Ng4
15. Nd1 Nd7 16. Bd2 Rfb8 17. Bc3 Nge5 18. Nxe5 Nxe5 19. b3 Ra3 20. Rc1 Nd3 21.
Rcc2 Bxc3 22. Nxc3 Rbxb3 23. Nd1 Rb1 24. Red2 Nb4 25. Rb2 Ra1 26. Kf1 Nxa2 27.
Ke2 Nc1+ 28. Kf1 Nb3 29. Rd3 c4 0-1

[Event "Chigorin Memorial 2008"]
[Site "St. Petersburg RUS"]
[Date "2008.10.05"]
[Round "2.47"]
[White "Vunder, Andrey"]
[Black "Chernov, Vladimir E"]
[Result "1/2-1/2"]
[WhiteElo "2261"]
[BlackElo "2040"]
[PlyCount "115"]
[EventDate "2008.10.03"]
[EventType "swiss"]
[EventRounds "9"]
[EventCountry "RUS"]
[Source "lmi"]
[SourceDate "2008.10.03"]

1. Nf3 d5 2. d4 c6 3. c4 e6 4. e3 f5 5. Bd3 Nf6 6. O-O Bd6 7. b3 Qe7 8. Bb2 O-O
9. Qc1 b6 10. Ba3 c5 11. Nc3 Ba6 12. Qc2 Nbd7 13. cxd5 Bxd3 14. Qxd3 cxd4 15.
Bxd6 Qxd6 16. dxe6 Nc5 17. Qxd4 Qxe6 18. Rad1 Nce4 19. Nxe4 Nxe4 20. Qd7 Qxd7
21. Rxd7 Rfd8 22. Rxd8+ Rxd8 23. Nd4 g6 24. Rc1 Rd7 25. g3 Kf7 26. Rc2 Nc5 27.
Kf1 Ne6 28. Nxe6 Kxe6 29. Ke2 g5 30. h3 Ke5 31. Rc4 Kf6 32. a4 h6 33. Rc6+ Kg7
34. b4 Re7 35. Rc4 Kf6 36. a5 bxa5 37. bxa5 Re6 38. Kf3 Kg6 39. g4 fxg4+ 40.
hxg4 h5 41. gxh5+ Kxh5 42. Kg3 Re5 43. a6 Re6 44. Ra4 Rb6 45. Ra5 Kh6 46. e4
Re6 47. f3 Kh5 48. f4 Rxe4 49. Rxg5+ Kh6 50. Ra5 Rb4 51. Kg4 Rb6 52. Kf5 Kg7
53. Ke5 Kf7 54. f5 Ke7 55. Rc5 Rxa6 56. Rc7+ Kf8 57. f6 Ra1 58. Ke6 1/2-1/2

[Event "Chigorin Memorial 2008"]
[Site "St. Petersburg RUS"]
[Date "2008.10.05"]
[Round "2.48"]
[White "Kopasov, Evgeny"]
[Black "Pogosian, Manvel"]
[Result "1/2-1/2"]
[WhiteElo "2046"]
[BlackElo "2256"]
[PlyCount "89"]
[EventDate "2008.10.03"]
[EventType "swiss"]
[EventRounds "9"]
[EventCountry "RUS"]
[Source "lmi"]
[SourceDate "2008.10.03"]

1. d4 Nf6 2. c4 e5 3. dxe5 Ng4 4. Bf4 Nc6 5. Nf3 Bb4+ 6. Nbd2 Qe7 7. e3 Ngxe5
8. Nxe5 Nxe5 9. Be2 O-O 10. O-O d6 11. Nb3 b6 12. a3 Bc5 13. Nd4 Bxd4 14. exd4
Ng6 15. Bg3 Bd7 16. Re1 Rae8 17. Qd2 Qf6 18. c5 Re4 19. Rad1 Rfe8 20. f3 R4e7
21. cxd6 cxd6 22. Bc4 h5 23. Rxe7 Rxe7 24. Re1 h4 25. Rxe7 Qxe7 26. Bf2 Qf6 27.
Be3 h3 28. Bg5 Qf5 29. Bd3 Qe6 30. g3 Bc6 31. Kf2 Qb3 32. Be3 Bb5 33. Bf5 Qd5
34. Be4 Qc4 35. Qe1 Ne7 36. g4 Nd5 37. Bxd5 Qxd5 38. Kg3 f5 39. Qf2 Bd7 40. g5
Qf7 41. Bf4 Qd5 42. Kxh3 Bc6 43. Kg3 Kf7 44. h4 g6 45. Qe3 1/2-1/2

[Event "Chigorin Memorial 2008"]
[Site "St. Petersburg RUS"]
[Date "2008.10.05"]
[Round "2.51"]
[White "Obrezchikov, Mikhail"]
[Black "Timofeev, Andrei"]
[Result "1/2-1/2"]
[WhiteElo "1986"]
[BlackElo "2205"]
[PlyCount "54"]
[EventDate "2008.10.03"]
[EventType "swiss"]
[EventRounds "9"]
[EventCountry "RUS"]
[Source "lmi"]
[SourceDate "2008.10.03"]

1. d4 d5 2. c4 dxc4 3. Nc3 e6 4. e4 Nf6 5. Bxc4 Nc6 6. Nf3 Bb4 7. Bg5 h6 8.
Bxf6 Qxf6 9. e5 Qe7 10. O-O Bxc3 11. bxc3 Qa3 12. Qd2 Bd7 13. Bd3 Rd8 14. Rfc1
b6 15. Qf4 Na5 16. Qg4 Kf8 17. Qf4 Qe7 18. Re1 Bc6 19. Re3 g5 20. Qg3 Ke8 21.
Nd2 Kd7 22. Ne4 Kc8 23. Nf6 Kb8 24. Ree1 Qa3 25. Be2 Bb7 26. Bh5 Qe7 27. Qd3 c5
1/2-1/2

[Event "Chigorin Memorial 2008"]
[Site "St. Petersburg RUS"]
[Date "2008.10.05"]
[Round "2.54"]
[White "Denisov, Ivan"]
[Black "Karataev, Oleg"]
[Result "1-0"]
[WhiteElo "2189"]
[BlackElo "1965"]
[PlyCount "57"]
[EventDate "2008.10.03"]
[EventType "swiss"]
[EventRounds "9"]
[EventCountry "RUS"]
[Source "lmi"]
[SourceDate "2008.10.03"]

1. e4 e6 2. d4 d5 3. Nd2 Nf6 4. e5 Nfd7 5. Bd3 c5 6. c3 Nc6 7. Ne2 cxd4 8. cxd4
f6 9. exf6 Nxf6 10. O-O Bd6 11. Nf3 O-O 12. g3 Qe8 13. Nf4 Nh5 14. Bxh7+ Kxh7
15. Ng5+ Kg8 16. Nxh5 Qg6 17. Be3 Nxd4 18. Qxd4 Qxh5 19. f4 g6 20. Rae1 Bd7 21.
Qd2 b6 22. Bd4 Rae8 23. Re3 Re7 24. b4 Rf5 25. Bc3 Qh6 26. Qd4 Bc7 27. Rfe1 Bc6
28. Rxe6 Rxe6 29. Rxe6 1-0

[Event "Chigorin Memorial 2008"]
[Site "St. Petersburg RUS"]
[Date "2008.10.05"]
[Round "2.55"]
[White "Kuzevanova, Evgenia"]
[Black "Frakin, Nikolay"]
[Result "1/2-1/2"]
[WhiteElo "2179"]
[BlackElo "1953"]
[PlyCount "60"]
[EventDate "2008.10.03"]
[EventType "swiss"]
[EventRounds "9"]
[EventCountry "RUS"]
[Source "lmi"]
[SourceDate "2008.10.03"]

1. e4 e5 2. Nf3 Nc6 3. d4 exd4 4. Nxd4 d6 5. Bc4 Nf6 6. Nc3 Be7 7. O-O O-O 8.
Bb3 Na5 9. Re1 Nxb3 10. axb3 c6 11. Bg5 Ne8 12. Bxe7 Qxe7 13. Qd2 Qc7 14. f4 f5
15. e5 dxe5 16. fxe5 Qe7 17. Kh1 Nc7 18. Rad1 Be6 19. Nxe6 Nxe6 20. Qd6 Rfe8
21. b4 Rad8 22. Qxe7 Rxe7 23. Rd6 Rde8 24. b5 Nd8 25. bxc6 Nf7 26. Rd7 bxc6 27.
Rxe7 Rxe7 28. e6 Nd8 29. Kg1 Rxe6 30. Rd1 Re8 1/2-1/2

[Event "Chigorin Memorial 2008"]
[Site "St. Petersburg RUS"]
[Date "2008.10.05"]
[Round "2.56"]
[White "Stroganov, Anatoly"]
[Black "Korchagina, Viktoria"]
[Result "1/2-1/2"]
[WhiteElo "1953"]
[BlackElo "2176"]
[PlyCount "72"]
[EventDate "2008.10.03"]
[EventType "swiss"]
[EventRounds "9"]
[EventCountry "RUS"]
[Source "lmi"]
[SourceDate "2008.10.03"]

1. d4 Nf6 2. Nf3 g6 3. g3 Bg7 4. Bg2 O-O 5. O-O d6 6. Nbd2 Nbd7 7. b3 e5 8. e3
Re8 9. c3 Nf8 10. dxe5 dxe5 11. Qc2 c6 12. Ba3 b5 13. Rad1 Qb6 14. Ng5 Bg4 15.
Rc1 Rad8 16. Rfe1 Ne6 17. Nxe6 Bxe6 18. c4 Rc8 19. Bd6 Bf5 20. e4 Bg4 21. c5
Qb7 22. h3 Bd7 23. Kh2 h6 24. Rcd1 Re6 25. Nf3 Ne8 26. Rd3 Nxd6 27. Red1 Bf8
28. cxd6 c5 29. Rd5 Bc6 30. d7 Rd8 31. Qb2 Bxd5 32. exd5 Rd6 33. Nxe5 Bg7 34.
f4 R8xd7 35. Qc2 Rc7 36. Nc6 Qb6 1/2-1/2

[Event "Chigorin Memorial 2008"]
[Site "St. Petersburg RUS"]
[Date "2008.10.05"]
[Round "2.58"]
[White "Balaian, Alina"]
[Black "Massironi, Marco"]
[Result "0-1"]
[WhiteElo "1934"]
[BlackElo "2169"]
[PlyCount "110"]
[EventDate "2008.10.03"]
[EventType "swiss"]
[EventRounds "9"]
[EventCountry "RUS"]
[Source "lmi"]
[SourceDate "2008.10.03"]

1. e4 c5 2. Nc3 Nc6 3. g3 Rb8 4. Bg2 g6 5. d3 Bg7 6. Be3 d6 7. Qd2 b5 8. h3 Nd4
9. Nd1 b4 10. c3 bxc3 11. bxc3 Nc6 12. Ne2 Ba6 13. f4 e5 14. O-O Nf6 15. f5 h6
16. g4 g5 17. Nf2 O-O 18. h4 Nh7 19. f6 Bxf6 20. Nh3 Bc8 21. Bf3 Ne7 22. hxg5
hxg5 23. Nxg5 Nxg5 24. Bxg5 Bxg5 25. Qxg5+ Ng6 26. Qe3 Kg7 27. Ng3 Rh8 28. Nh5+
Rxh5 29. gxh5 Nf4 30. h6+ Kxh6 31. Rf2 Qg5+ 32. Kh1 Bh3 33. Rh2 Qh4 34. Rg1 Rb2
35. Bg2 Rxg2 36. Rgxg2 Bxg2+ 37. Kg1 Bh3 38. d4 cxd4 39. cxd4 Kg6 40. dxe5 dxe5
41. Qf2 Qg4+ 42. Kh1 Bg2+ 43. Rxg2 Qxg2+ 44. Qxg2+ Nxg2 45. Kxg2 Kg5 46. Kf3
Kh4 47. a3 Kh3 48. a4 a5 49. Ke3 Kg3 50. Kd3 Kf3 51. Kc4 Kxe4 52. Kb5 f5 53.
Kxa5 f4 54. Kb6 f3 55. a5 f2 0-1

[Event "Chigorin Memorial 2008"]
[Site "St. Petersburg RUS"]
[Date "2008.10.05"]
[Round "2.61"]
[White "Minina, Veronika"]
[Black "Grechishkin, Vitaly"]
[Result "1-0"]
[WhiteElo "2153"]
[BlackElo "1861"]
[PlyCount "83"]
[EventDate "2008.10.03"]
[EventType "swiss"]
[EventRounds "9"]
[EventCountry "RUS"]
[Source "lmi"]
[SourceDate "2008.10.03"]

1. Nf3 Nc6 2. d4 e6 3. c4 d6 4. Nc3 Nf6 5. e4 Be7 6. Be2 O-O 7. O-O e5 8. h3
exd4 9. Nxd4 Bd7 10. Be3 Qc8 11. Rc1 a6 12. a3 Ne5 13. f4 Nc6 14. Nd5 Bd8 15.
e5 dxe5 16. Nxc6 Nxd5 17. cxd5 bxc6 18. dxc6 Be6 19. fxe5 Be7 20. Bc4 Bxc4 21.
Rxc4 Qe6 22. Qd4 Rfd8 23. Qc3 Rd5 24. Bd4 Rad8 25. Kh1 Qg6 26. Qe3 Bg5 27. Qf2
Qe6 28. Bc3 Rd1 29. Qe2 Rxf1+ 30. Qxf1 Qd5 31. Rg4 h6 32. Qf3 Qxf3 33. gxf3 Be7
34. Ra4 Ra8 35. b4 f6 36. b5 a5 37. Rxa5 Rxa5 38. Bxa5 Bd8 39. e6 Kf8 40. Bb4+
Ke8 41. a4 g6 42. a5 1-0

[Event "Chigorin Memorial 2008"]
[Site "St. Petersburg RUS"]
[Date "2008.10.05"]
[Round "2.62"]
[White "Emdin, Mark"]
[Black "Ganichev, Alexander"]
[Result "0-1"]
[WhiteElo "1862"]
[BlackElo "2148"]
[PlyCount "74"]
[EventDate "2008.10.03"]
[EventType "swiss"]
[EventRounds "9"]
[EventCountry "RUS"]
[Source "lmi"]
[SourceDate "2008.10.03"]

1. e4 c5 2. c4 Nc6 3. Nc3 g6 4. g3 Bg7 5. Bg2 d6 6. Nge2 Nf6 7. O-O O-O 8. Rb1
Nd7 9. d3 a6 10. a3 a5 11. f4 Nf6 12. Nb5 Ne8 13. d4 cxd4 14. Nexd4 Nxd4 15.
Nxd4 Bd7 16. Be3 Nc7 17. Qd3 Rb8 18. Nb5 b6 19. Nxc7 Qxc7 20. b4 b5 21. c5 dxc5
22. Bxc5 Be6 23. Rfd1 Ba2 24. Rbc1 Bb2 25. Rc2 Rfd8 26. Bd6 Qb6+ 27. Bc5 Rxd3
28. Rxd3 Qf6 29. Rdd2 Bxa3 30. Rxa2 Bxb4 31. Bxb4 axb4 32. Rab2 Qc3 33. Kf2
Qc5+ 34. Kf1 Ra8 35. Ke2 Ra3 36. Rd8+ Kg7 37. Rdd2 Qe3+ 0-1

[Event "Chigorin Memorial 2008"]
[Site "St. Petersburg RUS"]
[Date "2008.10.05"]
[Round "2.64"]
[White "Babaev, David"]
[Black "Donskov, Anatoly"]
[Result "0-1"]
[WhiteElo "1842"]
[BlackElo "2131"]
[PlyCount "94"]
[EventDate "2008.10.03"]
[EventType "swiss"]
[EventRounds "9"]
[EventCountry "RUS"]
[Source "lmi"]
[SourceDate "2008.10.03"]

1. e4 c5 2. Nf3 d6 3. d4 cxd4 4. Nxd4 Nf6 5. Nc3 a6 6. Be2 e5 7. Nb3 Be7 8. O-O
Be6 9. f4 exf4 10. Bxf4 Nc6 11. Kh1 O-O 12. Nd4 Nxd4 13. Qxd4 Qc7 14. Qd3 Nd7
15. Qg3 Ne5 16. Rad1 Rac8 17. Rd2 Rfd8 18. Rfd1 Bf6 19. h3 Qb6 20. Nd5 Bxd5 21.
Rxd5 Qxb2 22. Rxd6 Rxd6 23. Rxd6 Ng6 24. e5 Bxe5 25. Bxe5 Nxe5 26. h4 Re8 27.
h5 h6 28. Bd3 Nxd3 29. Qxd3 Re1+ 30. Kh2 Qe5+ 31. Kh3 Rh1+ 32. Kg4 Qxh5+ 33.
Kg3 Qe5+ 34. Kf3 Rf1+ 35. Qxf1 Qxd6 36. Qe2 Qf6+ 37. Kg3 g5 38. Kh2 Kg7 39. c4
b6 40. Kh1 Qe6 41. Qf1 a5 42. Qa1+ Qf6 43. Qc1 Qd4 44. a3 g4 45. Kh2 Qf6 46.
Kh1 g3 47. Kg1 Qd4+ 0-1

[Event "Chigorin Memorial 2008"]
[Site "St. Petersburg RUS"]
[Date "2008.10.05"]
[Round "2.65"]
[White "Palchun, Grigory"]
[Black "Kosov, Igor"]
[Result "1-0"]
[WhiteElo "2129"]
[BlackElo "1746"]
[PlyCount "91"]
[EventDate "2008.10.03"]
[EventType "swiss"]
[EventRounds "9"]
[EventCountry "RUS"]
[Source "lmi"]
[SourceDate "2008.10.03"]

1. d4 Nf6 2. Nf3 g6 3. Bf4 Bg7 4. e3 O-O 5. h3 d6 6. Be2 Nbd7 7. O-O b6 8. c3
Bb7 9. Nbd2 Re8 10. Bh2 e5 11. dxe5 Nxe5 12. Nxe5 dxe5 13. Nf3 e4 14. Nd4 c5
15. Nb5 Rc8 16. Nd6 Qe7 17. Nxc8 Rxc8 18. Qd6 Qxd6 19. Bxd6 Nd7 20. Rfd1 Ne5
21. Bxe5 Bxe5 22. Rd7 Rc7 23. Rxc7 Bxc7 24. Rd1 Bc6 25. Bc4 Kf8 26. Bd5 Bxd5
27. Rxd5 Ke7 28. f3 exf3 29. gxf3 f5 30. Kf2 Ke6 31. Rd1 b5 32. a4 a6 33. Ra1
b4 34. cxb4 cxb4 35. b3 Bb6 36. Ke2 Ke5 37. Rc1 a5 38. Rc6 Bd8 39. Rc8 Bb6 40.
Rb8 Bc7 41. Re8+ Kf6 42. Rc8 Bd6 43. Ra8 Bc7 44. Ra7 Bd8 45. Rd7 Be7 46. Rd5
1-0

[Event "Chigorin Memorial 2008"]
[Site "St. Petersburg RUS"]
[Date "2008.10.05"]
[Round "2.67"]
[White "Fedoseeva, Valentina"]
[Black "Kuzmin, Yuriy"]
[Result "0-1"]
[WhiteElo "1756"]
[BlackElo "2122"]
[PlyCount "110"]
[EventDate "2008.10.03"]
[EventType "swiss"]
[EventRounds "9"]
[EventCountry "RUS"]
[Source "lmi"]
[SourceDate "2008.10.03"]

1. e4 c5 2. Nf3 a6 3. d4 cxd4 4. Nxd4 Nf6 5. Nc3 e5 6. Nf3 Nc6 7. Bc4 Be7 8.
O-O O-O 9. Bg5 d6 10. Qd2 Bg4 11. Rad1 Bxf3 12. gxf3 Nd4 13. Qd3 Nh5 14. Bxe7
Qxe7 15. Nd5 Qh4 16. c3 Ne6 17. Kh1 Rac8 18. Rg1 Nef4 19. Qf1 Nxd5 20. Bxd5 Qf6
21. Bxb7 Rb8 22. Bxa6 Rxb2 23. Bc4 Qxf3+ 24. Qg2 Qf6 25. Qg5 Qf3+ 26. Qg2 Qxc3
27. Bb3 g6 28. Rxd6 Nf4 29. Qg3 Qb4 30. Rgd1 Qxe4+ 31. f3 Qb4 32. Rd7 Qb5 33.
Qg4 Qe2 34. Qg3 Qe3 35. Re7 h5 36. Re1 Re2 37. Rf1 Qc5 38. Rd7 Qb5 39. Rdd1 Qc5
40. Rc1 Qe7 41. Rc4 h4 42. Qg4 Rg2 43. Rxf4 Rxg4 44. Rxg4 Kg7 45. Re4 Qf6 46.
Bd5 Rd8 47. Bb3 Rd2 48. Rc4 h3 49. Rg4 Qf5 50. Rg3 Qd3 51. Rfg1 Qf5 52. Rf1 e4
53. Bc4 e3 54. Re1 Qc2 55. Bb3 Rxh2+ 0-1

[Event "Chigorin Memorial 2008"]
[Site "St. Petersburg RUS"]
[Date "2008.10.05"]
[Round "3.1"]
[White "Savchenko, Boris"]
[Black "Sivokho, Sergey"]
[Result "1-0"]
[WhiteElo "2648"]
[BlackElo "2486"]
[PlyCount "65"]
[EventDate "2008.10.03"]
[EventType "swiss"]
[EventRounds "9"]
[EventCountry "RUS"]
[Source "lmi"]
[SourceDate "2008.10.03"]

1. e4 c5 2. Nc3 Nc6 3. f4 g6 4. Bb5 Bg7 5. Nf3 Nd4 6. O-O a6 7. Bd3 d6 8. Nxd4
cxd4 9. Ne2 Nf6 10. c3 dxc3 11. bxc3 O-O 12. a4 Bd7 13. Bc2 Bc6 14. d3 e5 15.
fxe5 dxe5 16. a5 b5 17. axb6 Qxb6+ 18. Kh1 Rfd8 19. Qe1 Bb5 20. c4 Be8 21. Nc3
Rdb8 22. Be3 Qd6 23. Ra2 Bd7 24. Qa1 Be6 25. Nb5 axb5 26. Rxa8 bxc4 27. dxc4
Bxc4 28. Rd1 Qf8 29. Rxb8 Qxb8 30. Qa5 Bf8 31. Rd8 Qb5 32. Qa3 Ne8 33. Qa8 1-0

[Event "Chigorin Memorial 2008"]
[Site "St. Petersburg RUS"]
[Date "2008.10.05"]
[Round "3.5"]
[White "Urjubdshzirov, Erdni"]
[Black "Sjugirov, Sanan"]
[Result "0-1"]
[WhiteElo "2299"]
[BlackElo "2549"]
[PlyCount "66"]
[EventDate "2008.10.03"]
[EventType "swiss"]
[EventRounds "9"]
[EventCountry "RUS"]
[Source "lmi"]
[SourceDate "2008.10.03"]

1. e4 c5 2. Nf3 d6 3. d4 cxd4 4. Nxd4 Nf6 5. Nc3 a6 6. a4 Nc6 7. Be2 e5 8. Nf3
h6 9. O-O Be7 10. Nd2 Be6 11. Re1 O-O 12. Nf1 d5 13. exd5 Nxd5 14. Nxd5 Bxd5
15. c3 f5 16. Ne3 Be6 17. Qxd8 Raxd8 18. Bc4 Kf7 19. a5 f4 20. Bxe6+ Kxe6 21.
Nc4 Rd5 22. Kf1 g5 23. f3 Rfd8 24. b4 h5 25. Bb2 g4 26. Ke2 Kf5 27. Rf1 Rd3 28.
g3 Na7 29. gxf4 exf4 30. fxg4+ hxg4 31. Bc1 Bg5 32. Kf2 Rxc3 33. Nb6 Rf3+ 0-1

[Event "Chigorin Memorial 2008"]
[Site "St. Petersburg RUS"]
[Date "2008.10.05"]
[Round "3.6"]
[White "Vysochin, Spartak"]
[Black "Loginov, Valery A"]
[Result "1-0"]
[WhiteElo "2520"]
[BlackElo "2481"]
[PlyCount "99"]
[EventDate "2008.10.03"]
[EventType "swiss"]
[EventRounds "9"]
[EventCountry "RUS"]
[Source "lmi"]
[SourceDate "2008.10.03"]

1. e4 c5 2. c3 d5 3. exd5 Qxd5 4. d4 Nf6 5. Nf3 Bg4 6. dxc5 Qxd1+ 7. Kxd1 e5 8.
b4 e4 9. h3 Bh5 10. g4 Nxg4 11. hxg4 Bxg4 12. Nbd2 h5 13. Kc2 exf3 14. Nc4 Nc6
15. Bd3 Be7 16. Bf4 g5 17. Bh2 Be6 18. Rae1 a6 19. a4 g4 20. Nd6+ Bxd6 21. Bxd6
h4 22. Bf5 Kd7 23. Bxe6+ fxe6 24. Rd1 Ke8 25. Rdg1 Ne7 26. Rxg4 Nf5 27. Be5 Rf8
28. a5 Ke7 29. Rf4 Rad8 30. c4 Rd7 31. Kc3 Rfd8 32. Rxf3 Ke8 33. Bf6 Rd1 34.
Rxd1 Rxd1 35. Kc2 Rd7 36. Rh3 Rf7 37. Be5 Kd7 38. b5 Kc8 39. Rb3 Ne7 40. f4
axb5 41. cxb5 Nd5 42. a6 bxa6 43. bxa6 Ra7 44. Rb8+ Kd7 45. Rb7+ Rxb7 46. axb7
Nb4+ 47. Kb3 Na6 48. b8=Q Nxb8 49. Bxb8 h3 50. f5 1-0

[Event "Chigorin Memorial 2008"]
[Site "St. Petersburg RUS"]
[Date "2008.10.05"]
[Round "3.7"]
[White "Demchenko, Anton"]
[Black "Gubajdullin, Alexei"]
[Result "1/2-1/2"]
[WhiteElo "2510"]
[BlackElo "2462"]
[PlyCount "99"]
[EventDate "2008.10.03"]
[EventType "swiss"]
[EventRounds "9"]
[EventCountry "RUS"]
[Source "lmi"]
[SourceDate "2008.10.03"]

1. e4 g6 2. d4 Bg7 3. Nf3 d6 4. Bc4 Nf6 5. Qe2 O-O 6. O-O c6 7. Bb3 d5 8. e5
Ne8 9. h3 Nc7 10. Rd1 Nd7 11. Nbd2 f6 12. Nf1 fxe5 13. Nxe5 Nxe5 14. dxe5 b5
15. c3 Ne6 16. Nh2 Nf4 17. Bxf4 Rxf4 18. Nf3 e6 19. a4 bxa4 20. Rxa4 Rxa4 21.
Bxa4 Qb6 22. h4 Ba6 23. Qd2 Rf8 24. b4 c5 25. bxc5 Qxc5 26. Nd4 Qe7 27. f4 Rb8
28. Qe3 Rb2 29. g3 Bf8 30. Bc2 Qf7 31. Ra1 Bc4 32. Qc1 Rb7 33. Bd1 Bc5 34. Bg4
Rb6 35. Kh1 Bd3 36. Bf3 Qb7 37. Kh2 Rb2+ 38. Kh3 Bxd4 39. cxd4 h5 40. g4 Be4
41. Ra3 Rb1 42. Qc5 hxg4+ 43. Kxg4 Bxf3+ 44. Kxf3 Qf7 45. Rxa7 Rb3+ 46. Ke2
Rb2+ 47. Kf3 Rb3+ 48. Ke2 Rb2+ 49. Kf3 Rb3+ 50. Ke2 1/2-1/2

[Event "Chigorin Memorial 2008"]
[Site "St. Petersburg RUS"]
[Date "2008.10.05"]
[Round "3.8"]
[White "Kislinsky, Alexey"]
[Black "Lovkov, Roman"]
[Result "1/2-1/2"]
[WhiteElo "2492"]
[BlackElo "2434"]
[PlyCount "76"]
[EventDate "2008.10.03"]
[EventType "swiss"]
[EventRounds "9"]
[EventCountry "RUS"]
[Source "lmi"]
[SourceDate "2008.10.03"]

1. e4 c5 2. Nf3 d6 3. d4 cxd4 4. Nxd4 Nf6 5. Nc3 a6 6. h3 e6 7. g4 b5 8. Bg2
Bb7 9. O-O Qc7 10. Re1 Be7 11. g5 Nfd7 12. f4 Nc6 13. Nf5 Bf8 14. Ne3 g6 15. b3
Bg7 16. Bb2 Rg8 17. Qd2 h6 18. a4 b4 19. Ncd1 hxg5 20. Bxg7 Rxg7 21. Nc4 gxf4
22. Nxd6+ Ke7 23. Nxb7 e5 24. Nf2 Qxb7 25. Rad1 Qc7 26. c3 bxc3 27. Qxc3 Rc8
28. Rd5 Rgg8 29. Red1 Rgd8 30. Bf1 Qb6 31. a5 Qb4 32. Qb2 Nc5 33. Bc4 f6 34.
Kg2 Rxd5 35. exd5 Nxa5 36. d6+ Kd7 37. Bd5 Naxb3 38. Ng4 f3+ 1/2-1/2

[Event "Chigorin Memorial 2008"]
[Site "St. Petersburg RUS"]
[Date "2008.10.05"]
[Round "3.9"]
[White "Levin, Evgeny A"]
[Black "Eliseev, Alexei"]
[Result "0-1"]
[WhiteElo "2487"]
[BlackElo "2395"]
[PlyCount "84"]
[EventDate "2008.10.03"]
[EventType "swiss"]
[EventRounds "9"]
[EventCountry "RUS"]
[Source "lmi"]
[SourceDate "2008.10.03"]

1. d4 g6 2. c4 Bg7 3. Nf3 c5 4. d5 e5 5. Nc3 d6 6. e4 Nh6 7. Bd3 O-O 8. O-O Na6
9. a3 f5 10. h3 f4 11. Be2 Nf7 12. Rb1 h5 13. b4 Bf6 14. Na4 b6 15. bxc5 Nxc5
16. Nxc5 bxc5 17. Bd2 Kg7 18. Bc3 Rh8 19. Nd2 Bd7 20. Rb7 Qc8 21. Rb2 g5 22. f3
Rh6 23. Qb3 g4 24. Qb7 gxh3 25. Qxc8 Bxc8 26. gxh3 Bxh3 27. Rfb1 Rg8 28. Kh2
Bc8 29. Rb8 Bh4 30. Ra8 a6 31. Rbb8 Bg3+ 32. Kh1 Rhh8 33. Nb3 h4 34. Ra7 Kf6
35. Rb6 Rh5 36. Rc6 Bf2 37. Rcc7 Rh7 38. Kh2 h3 39. Bf1 Bg1+ 40. Kh1 Be3 41.
Ra8 Rg1+ 42. Kh2 Ng5 0-1

[Event "Chigorin Memorial 2008"]
[Site "St. Petersburg RUS"]
[Date "2008.10.05"]
[Round "3.10"]
[White "Amonatov, Farrukh"]
[Black "Pogosian, Vladimir"]
[Result "1-0"]
[WhiteElo "2634"]
[BlackElo "2320"]
[PlyCount "91"]
[EventDate "2008.10.03"]
[EventType "swiss"]
[EventRounds "9"]
[EventCountry "RUS"]
[Source "lmi"]
[SourceDate "2008.10.03"]

1. e4 e5 2. Nf3 d6 3. d4 Nf6 4. Nc3 Nbd7 5. Bc4 Be7 6. O-O O-O 7. a4 c6 8. Ba2
Qc7 9. Qe2 a5 10. Rd1 b6 11. h3 Ba6 12. Bc4 Bb7 13. Nh4 Rfe8 14. Nf5 exd4 15.
Nxd4 d5 16. exd5 cxd5 17. Bb5 Bc5 18. Be3 Ne4 19. Nxe4 Rxe4 20. c3 Nf6 21. Qf3
Qe5 22. Re1 h6 23. Rad1 Bd6 24. g3 Bc5 25. Kh2 Bc8 26. Bf4 Qe7 27. Rxe4 dxe4
28. Qe2 Bxd4 29. Rxd4 Qe6 30. g4 Bb7 31. c4 g5 32. Bg3 Qe7 33. Rd6 Rd8 34. Qd2
Rc8 35. Qd4 e3 36. Qxe3 Qxe3 37. fxe3 Ne4 38. Rxb6 Rd8 39. Rxb7 Rd2+ 40. Kg1
Nxg3 41. c5 Rd1+ 42. Kg2 Ne4 43. c6 Rc1 44. c7 Kg7 45. Bd7 Nd6 46. Rb6 1-0

[Event "Chigorin Memorial 2008"]
[Site "St. Petersburg RUS"]
[Date "2008.10.05"]
[Round "3.11"]
[White "Burmakin, Vladimir"]
[Black "Solovjov, Sergey I"]
[Result "1/2-1/2"]
[WhiteElo "2625"]
[BlackElo "2419"]
[PlyCount "152"]
[EventDate "2008.10.03"]
[EventType "swiss"]
[EventRounds "9"]
[EventCountry "RUS"]
[Source "lmi"]
[SourceDate "2008.10.03"]

1. d4 d5 2. Nf3 c6 3. Bf4 Nf6 4. e3 Bf5 5. c4 e6 6. Nc3 Bd6 7. Bxd6 Qxd6 8. Nh4
Bg4 9. Qb3 Qc7 10. h3 Bh5 11. g4 Bg6 12. Nxg6 hxg6 13. Bg2 g5 14. O-O-O Qe7 15.
Kb1 Nbd7 16. cxd5 exd5 17. Qc2 Nb6 18. Qf5 Nh7 19. h4 g6 20. Qc2 O-O-O 21. h5
Qd6 22. Rh3 Nf8 23. hxg6 Rxh3 24. Qf5+ Nfd7 25. Bxh3 Qxg6 26. Qxg6 fxg6 27. Rh1
Rh8 28. Bg2 Rxh1+ 29. Bxh1 Nf6 30. Bf3 Nc4 31. Kc2 Nd6 32. Be2 Kd7 33. f3 Ke7
34. Bd3 Kf7 35. a4 a5 36. b4 axb4 37. Na2 Nd7 38. a5 c5 39. dxc5 b3+ 40. Kxb3
Nxc5+ 41. Kc3 Nxd3 42. Kxd3 Nc4 43. Nb4 Ke6 44. a6 bxa6 45. Nxa6 Ne5+ 46. Ke2
Nc6 47. Nc5+ Kf6 48. Nd3 Na5 49. Nb4 Ke6 50. Kd3 Nc4 51. Nc6 Kd6 52. Nd4 Ke5
53. Nb3 Nb2+ 54. Ke2 Nc4 55. Nc5 Kd6 56. Nd3 Ke6 57. Ne1 Ke5 58. Kd3 Ke6 59.
Kd4 Ne5 60. Kc3 Nc4 61. Nc2 Ke5 62. Kd3 Nb2+ 63. Ke2 Nc4 64. Nd4 Kf6 65. Nb3
Ke6 66. Nd2 Ne5 67. Nb1 Nc4 68. Nc3 Ke5 69. Nd1 Ke6 70. Nf2 Ne5 71. Nh3 Kf6 72.
Nf2 Ke6 73. Nd3 Nc4 74. e4 dxe4 75. fxe4 Kd6 76. Kf3 Ke6 1/2-1/2

[Event "Chigorin Memorial 2008"]
[Site "St. Petersburg RUS"]
[Date "2008.10.05"]
[Round "3.12"]
[White "Aleksandrov, Aleksej"]
[Black "Gorbatov, Alexej"]
[Result "1-0"]
[WhiteElo "2617"]
[BlackElo "2421"]
[PlyCount "49"]
[EventDate "2008.10.03"]
[EventType "swiss"]
[EventRounds "9"]
[EventCountry "RUS"]
[Source "lmi"]
[SourceDate "2008.10.03"]

1. d4 Nf6 2. c4 e5 3. dxe5 Ng4 4. e3 Nxe5 5. Nh3 g6 6. Nf4 Bg7 7. Nc3 O-O 8.
Qd2 a5 9. Be2 Na6 10. O-O Nc5 11. b3 d6 12. Ba3 b6 13. Rad1 Bb7 14. Nfd5 f5 15.
Qc2 Rf7 16. h3 c6 17. Nf4 Qc7 18. Rfe1 Rd8 19. Bb2 Ned7 20. a3 Nf6 21. b4 axb4
22. axb4 Na6 23. Qb3 c5 24. bxc5 bxc5 25. Nb5 1-0